000 00311nam a22001337a 4500
008 170628b xxu||||| |||| 00| 0 eng d
020 _a0389205974
041 _aeng
080 _a82
100 _a21
101 _aGJL
245 _aA CONCISE CHRONOLOGY OF ENGLISH LITERATURE
_cSMALLWOOD,P.J
942 _2udc
_cBK
999 _c19400
_d19400